000 00697nam a2200265Ia 4500
005 20260302115653.0
008 008 260114s9999 xx 000 0 eng d
020 _a9798216029618
037 _aTextbook
040 _aCRL
040 _beng
040 _cCRL
041 _2eng
041 _aeng
084 _qCRL
100 _aNina W. Brown
_91122293
245 0 _aUnderstanding Narcissists How to Cope with Destructive People in Your Life
260 _bBloomsbury
260 _bPraeger
260 _c2022
650 _aPsychology
856 _uhttps://doi.org/10.5040/9798216029618?locatt=label:secondary_bloomsburyCollections
942 _cEBOOK
999 _c1687064
_d1687064